| 000 | 02306cam a2200589Ii 4500 | ||
|---|---|---|---|
| 001 | sjds888094 | ||
| 003 | sjds | ||
| 005 | 20211217124816.0 | ||
| 008 | 140716s2015 nyua b 000 1 spa | ||
| 010 | _a 2014024714 | ||
| 020 |
_a9781484722886 _q(hardback) |
||
| 020 |
_a1484722884 _q(hardback) |
||
| 035 | _a739027 | ||
| 035 |
_a(OCoLC)883902832 _z(OCoLC)892888491 |
||
| 035 | _a(OCoLC)ocn883902832 | ||
| 035 | _a708349 | ||
| 035 | _a739027 | ||
| 035 | _a739027 | ||
| 040 |
_aDLC _beng _erda _cDLC _dIG# _dBTCTA _dMVP _dGK8 _dJTH _dGO3 _dOCLCF _dOCLCO _dOCL _dOCLCO _dVP@ _dIH9 _dIFA |
||
| 041 | 0 |
_aspa _heng |
|
| 049 | _aIFAA | ||
| 099 | _f2015 | ||
| 100 | 1 |
_aWillems, Mo, _eauthor, _eillustrator. |
|
| 240 | 1 | 0 |
_aWe are in a book! _lSpanish |
| 245 | 1 | 0 |
_aEstamos en un libro! / _cpor Mo Willems ; adaptado al español por F. Isabel Campoy. |
| 250 | _aEdición primera en español. | ||
| 260 |
_aNew York : _bHyperion Books for Children, an imprint of Disney Book Group, _c2015. |
||
| 264 | 1 |
_aNew York : _bHyperion Books for Children, an imprint of Disney Book Group, _c2015. |
|
| 300 |
_a57 pages : _bcolor illustrations ; _c24 cm. |
||
| 336 |
_atext _2rdacontent |
||
| 336 |
_astill image _2rdacontent |
||
| 337 |
_aunmediated _2rdamedia |
||
| 338 |
_avolume _2rdacarrier |
||
| 490 | 1 | _aLibro de Elefante y Cerdita | |
| 490 | 1 | _aElephant & Piggie book | |
| 500 | _aTranslation of: We are in a book! | ||
| 520 | _aWhen Gerald the elephant and Piggie realize that they are in a book, they decide to have some fun with the reader. | ||
| 520 | _aCuando Gerald el elefante y Piggie se dan cuenta que ellos están en un libro, decidieron divertir con los lectores. | ||
| 526 | 0 |
_aAccelerated Reader AR _bLG _c1.2 _d0.5 _z154356. |
|
| 546 | _aIn Spanish. | ||
| 650 | 0 |
_aBooks and reading _vJuvenile fiction. |
|
| 650 | 0 |
_aElephants _vJuvenile fiction. |
|
| 650 | 0 |
_aSwine _vJuvenile fiction. |
|
| 650 | 7 |
_aLibros y lectura _vNovela juvenil. _2bidex |
|
| 650 | 7 |
_aElefantes _vNovela juvenil. _2bidex |
|
| 650 | 7 |
_aCerdos _vNovela juvenil. _2bidex |
|
| 650 | 0 |
_aHumorous stories _vJuvenile literature. |
|
| 650 | 7 |
_aCuentos humorosos _vLiteratura juvenil. _2bidex |
|
| 700 | 1 |
_aCampoy, F. Isabel, _etranslator. |
|
| 800 | 1 |
_aWillems, Mo. _tElephant & Piggie book. _lSpanish. |
|
| 942 | _cBK | ||
| 999 |
_c20263 _d20263 |
||